[Event "4NCL Online Division 5"]
[Site "online"]
[Date "2020.06.02"]
[Round "9.101"]
[White "Morris, William"]
[Black "Robinson, Brian"]
[Result "1-0"]
[WhiteElo "1615"]
[BlackElo "1750"]
[PlyCount "133"]
[EventDate "2020.06.02"]
[WhiteTeam "Warwickshire Bears C"]
[BlackTeam "Bishop Trojans"]

1. e4 e6 2. d4 d5 3. e5 c5 4. c3 Nc6 5. Nf3 Qb6 6. g3 Nge7 7. Bg2 cxd4 8. Nxd4
Nxe5 9. Bf4 N7g6 10. Bxe5 Nxe5 11. Qe2 Nc6 12. Qb5 Bc5 13. Qxb6 Bxb6 14. Nb3
Bd7 15. O-O O-O 16. N1d2 Rad8 17. Nf3 Rfe8 18. Rad1 Na5 19. Nbd4 Nc6 20. Nb3
Ne7 21. Nbd4 Ng6 22. Rfe1 Bc6 23. Nxc6 bxc6 24. Nd4 c5 25. Nb3 d4 26. cxd4 cxd4
27. Re4 e5 28. Bh3 Rf8 29. Bf5 Rfe8 30. Rde1 f6 31. f4 d3+ 32. Kf1 d2 33. Rd1
exf4 34. Rxd2 Rxe4 35. Rxd8+ Bxd8 36. Bxe4 fxg3 37. hxg3 Ne5 38. Nc5 Nc4 39.
Bd5+ Kf8 40. Bxc4 Bb6 41. Nd7+ Ke7 42. Nxb6 axb6 43. Ke2 Kd6 44. Ke3 Ke5 45. g4
g5 46. b3 f5 47. gxf5 Kxf5 48. Bd3+ Kg4 49. Bxh7 Kh3 50. a4 g4 51. Bf5 Kh4 52.
Kf4 g3 53. Kf3 Kg5 54. Bc8 Kf6 55. Kxg3 Ke5 56. Kf3 Kd4 57. Be6 Kc5 58. Ke4 Kb4
59. Kd4 b5 60. axb5 Kxb5 61. Kc3 Kb6 62. Kb4 Kb7 63. Kb5 Kb8 64. Kb6 Ka8 65. b4
Kb8 66. b5 Ka8 67. Kc7 1-0

[Event "4NCL Online Division 5"]
[Site "online"]
[Date "2020.06.02"]
[Round "9.102"]
[White "Smith, Peter J"]
[Black "Pillay, Shriya"]
[Result "1-0"]
[WhiteElo "1667"]
[BlackElo "1532"]
[PlyCount "67"]
[EventDate "2020.06.02"]
[WhiteTeam "Bishop Trojans"]
[BlackTeam "Warwickshire Bears C"]

1. h3 d5 2. a3 e5 3. d3 Nf6 4. c3 c5 5. Qc2 h6 6. g4 Nc6 7. Nd2 Bd6 8. Bg2 O-O
9. Ngf3 Re8 10. e4 Be6 11. g5 hxg5 12. Nxg5 Qe7 13. Nf1 d4 14. c4 a6 15. Ng3
Rac8 16. Qe2 b5 17. b3 Qc7 18. Nh5 Be7 19. Nxf6+ Bxf6 20. h4 Ne7 21. Qh5 Ng6
22. Nxe6 Rxe6 23. Bh3 Nf4 24. Bxf4 exf4 25. Bxe6 fxe6 26. Rg1 bxc4 27. bxc4 f3
28. Qxf3 Bxh4 29. Qg4 Bxf2+ 30. Kxf2 Rf8+ 31. Ke2 Qh2+ 32. Rg2 Qh6 33. Qg5 Rf6
34. Rag1 1-0

[Event "4NCL Online Division 5"]
[Site "online"]
[Date "2020.06.02"]
[Round "9.103"]
[White "Agrawal, Ansh"]
[Black "Bainbridge, Bryan J"]
[Result "1-0"]
[WhiteElo "1472"]
[BlackElo "1570"]
[PlyCount "145"]
[EventDate "2020.06.02"]
[WhiteTeam "Warwickshire Bears C"]
[BlackTeam "Bishop Trojans"]

1. d4 b5 2. a3 Bb7 3. Nc3 a6 4. Bf4 e6 5. e3 Nf6 6. Nf3 h6 7. b4 Nh5 8. Bg3
Nxg3 9. hxg3 d6 10. Bd3 Nd7 11. e4 Nf6 12. Qe2 c5 13. dxc5 dxc5 14. bxc5 Bxc5
15. Rd1 Qc7 16. Rb1 Bxa3 17. Rb3 Bc5 18. Bxb5+ axb5 19. Qxb5+ Nd7 20. Qxb7 Qxb7
21. Rxb7 Ra1+ 22. Rb1 Bb4 23. Kd2 Rxb1 24. Rxb1 Bc5 25. Ke2 Ke7 26. Rb7 Kd6 27.
Nb5+ Kc6 28. Rc7+ Kxb5 29. Rxd7 Rf8 30. Ne5 f6 31. Nd3 g6 32. Nxc5 Kxc5 33. Rh7
h5 34. Rh6 Rg8 35. Rh7 f5 36. exf5 exf5 37. Rc7+ Kd6 38. Ra7 Kc5 39. Ra6 Kb5
40. Re6 Kc4 41. Rc6+ Kd5 42. Rc3 Kd4 43. Rd3+ Kc4 44. Kf3 g5 45. Ke2 Re8+ 46.
Kd2 Re4 47. Ra3 Kb4 48. Rd3 Kc4 49. f3 Re5 50. Rd8 f4 51. gxf4 gxf4 52. Rf8 Rg5
53. Rxf4+ Kd5 54. g4 h4 55. Ke3 Ke5 56. Rf8 Ke6 57. Rh8 Rc5 58. Rxh4 Rxc2 59.
Rh5 Kf6 60. Kf4 Rc4+ 61. Kg3 Rc3 62. Ra5 Kg6 63. g5 Kh5 64. Kf4 Rc4+ 65. Kf5
Rc8 66. f4 Rf8+ 67. Ke5 Kg4 68. Ra4 Kh5 69. Ra6 Re8+ 70. Re6 Rg8 71. Kf5 Rf8+
72. Rf6 Rg8 73. Rh6# 1-0

[Event "4NCL Online Division 5"]
[Site "online"]
[Date "2020.06.02"]
[Round "9.104"]
[White "Berry, Robert"]
[Black "Kukreja, Karan"]
[Result "1/2-1/2"]
[WhiteElo "1562"]
[BlackElo "1405"]
[PlyCount "120"]
[EventDate "2020.06.02"]
[WhiteTeam "Bishop Trojans"]
[BlackTeam "Warwickshire Bears C"]

1. e4 c6 2. Bc4 d5 3. exd5 cxd5 4. Bb3 Nf6 5. a3 Bf5 6. d4 e6 7. Nf3 Bd6 8. Bg5
Nbd7 9. O-O O-O 10. Re1 h6 11. Bh4 Qc7 12. Bxf6 Nxf6 13. Ne5 Bxe5 14. dxe5 Ne4
15. Qd4 Rfc8 16. f3 Nc5 17. Nd2 Nxb3 18. cxb3 Qc5 19. Qxc5 Rxc5 20. Rac1 Rac8
21. Rxc5 Rxc5 22. b4 Rc2 23. Nb3 Rxb2 24. Na5 Ra2 25. Nxb7 Rxa3 26. Nd6 Bd3 27.
Rc1 Rb3 28. Rc8+ Kh7 29. Nxf7 Rxb4 30. h4 Rxh4 31. Rc3 Bg6 32. Nd8 Rh5 33. f4
Bf5 34. Ra3 Rh4 35. g3 Rg4 36. Kg2 h5 37. Rxa7 h4 38. Ra3 Rxg3+ 39. Rxg3 hxg3
40. Kxg3 Kh6 41. Nf7+ Kh5 42. Nd6 g6 43. Nb5 g5 44. fxg5 Kxg5 45. Nd4 Bg4 46.
Nc6 Bh5 47. Nd4 Bf7 48. Kf3 Bh5+ 49. Ke3 Bg4 50. Nc6 Bh5 51. Kd4 Kf4 52. Nd8
Kf5 53. Nc6 Be8 54. Ne7+ Kf4 55. Nxd5+ exd5 56. Kxd5 Kf5 57. e6 Kf6 58. Kd6 Ba4
59. e7 Kf7 60. e8=Q+ Kxe8 1/2-1/2

[Event "4NCL Online Division 5"]
[Site "online"]
[Date "2020.06.02"]
[Round "9.111"]
[White "Zhu, Hou Ning"]
[Black "Jackson, Edward"]
[Result "1-0"]
[WhiteElo "1810"]
[BlackElo "1712"]
[PlyCount "102"]
[EventDate "2020.06.02"]
[WhiteTeam "MCS Oxford Juniors"]
[BlackTeam "Manchester Juniors B"]

1. d4 Nf6 2. Bf4 e6 3. e3 d5 4. Nd2 c5 5. c3 Nc6 6. Ngf3 Bd6 7. Bg3 O-O 8. Bd3
b6 9. O-O Bxg3 10. hxg3 Bb7 11. Rc1 Ne7 12. Ne5 Rc8 13. Qe2 Qc7 14. Rfd1 Ne4
15. Bxe4 dxe4 16. Qg4 Ng6 17. Nxg6 hxg6 18. Qh4 Qd8 19. Qh3 Qd5 20. c4 Qf5 21.
Nb3 Qxh3 22. gxh3 cxd4 23. Nxd4 a6 24. b3 Rfd8 25. Kf1 e5 26. Ne2 Rd3 27. Ke1
Rcd8 28. Nc3 f5 29. Na4 R8d6 30. c5 bxc5 31. Nxc5 Rxd1+ 32. Rxd1 Rxd1+ 33. Kxd1
Bc8 34. h4 Kf7 35. Kd2 Ke7 36. Kc3 Kd6 37. Kc4 Kc6 38. b4 Kd6 39. a4 Kc6 40.
b5+ axb5+ 41. axb5+ Kc7 42. Kd5 Kb6 43. Ne6 Kxb5 44. Nxg7 Kb4 45. Kxe5 Kc3 46.
Kf6 Kd3 47. Kxg6 Ke2 48. h5 Kxf2 49. h6 Kxg3 50. h7 f4 51. h8=Q f3 1-0

[Event "4NCL Online Division 5"]
[Site "online"]
[Date "2020.06.02"]
[Round "9.112"]
[White "Jayawarna, Tarini"]
[Black "Kassey, Amaan"]
[Result "1-0"]
[WhiteElo "1520"]
[BlackElo "1660"]
[PlyCount "69"]
[EventDate "2020.06.02"]
[WhiteTeam "Manchester Juniors B"]
[BlackTeam "MCS Oxford Juniors"]

1. e4 c5 2. Nf3 Nc6 3. d4 cxd4 4. Nxd4 e6 5. c4 Bc5 6. Nb5 a6 7. Nd6+ Bxd6 8.
Qxd6 Qe7 9. Qd1 Nf6 10. Nc3 Qc5 11. Be3 Qe5 12. f3 O-O 13. Qd2 Rd8 14. Bb6 Re8
15. Be2 d6 16. f4 Nxe4 17. fxe5 Nxd2 18. Kxd2 Nxe5 19. Rad1 d5 20. cxd5 exd5
21. Nxd5 Re7 22. Nxe7+ Kf8 23. Nxc8 Rxc8 24. Rc1 Re8 25. Rc2 Re6 26. Bc5+ Ke8
27. Rhc1 f6 28. Ba3 Kf7 29. Bh5+ g6 30. Rc7+ Kg8 31. Rc8+ Kg7 32. Bf8+ Kf7 33.
R1c7+ Re7 34. Rxe7+ Kg8 35. Bg7# 1-0

[Event "4NCL Online Division 5"]
[Site "online"]
[Date "2020.06.02"]
[Round "9.113"]
[White "Bridson, Ewan"]
[Black "Fairclough, William"]
[Result "0-1"]
[WhiteElo "1525"]
[BlackElo "1412"]
[PlyCount "112"]
[EventDate "2020.06.02"]
[WhiteTeam "MCS Oxford Juniors"]
[BlackTeam "Manchester Juniors B"]

1. d4 d5 2. c4 c6 3. Nc3 e6 4. e3 Nf6 5. Nf3 Nbd7 6. Qc2 Nb6 7. c5 Nbd7 8. b3
b6 9. b4 bxc5 10. bxc5 Qc7 11. Be2 e5 12. O-O Be7 13. Ne1 O-O 14. Qa4 Bd8 15.
e4 Nxe4 16. Nxe4 dxe4 17. Rb1 Qa5 18. Qxc6 Qxa2 19. Rb2 Qa1 20. Nc2 Qa5 21.
Qxa8 Qc7 22. Qxe4 exd4 23. Qxd4 Nxc5 24. Be3 Nb3 25. Rbb1 Qxc2 26. Qb2 Qxb2 27.
Rxb2 Na5 28. Bxa7 Nc6 29. Bc5 Re8 30. Bb5 Bd7 31. h3 Ne5 32. Re1 Bxb5 33. Rxb5
h6 34. f4 Nf3+ 35. gxf3 Rxe1+ 36. Kf2 Bh4+ 37. Kg2 Re2+ 38. Kf1 Rh2 39. Rb8+
Kh7 40. Rb7 Rxh3 41. Kg2 Rg3+ 42. Kf2 Rg5+ 43. Ke3 Rxc5 44. Rxf7 Kg6 45. Ra7
Rc2 46. Ke4 Rc4+ 47. Ke5 Bf6+ 48. Kd5 Rxf4 49. Ra6 Rxf3 50. Ke4 Rf5 51. Ra2
Re5+ 52. Kf4 Rf5+ 53. Ke4 Rg5 54. Kf4 h5 55. Rh2 Be5+ 56. Kf3 Bxh2 0-1

[Event "4NCL Online Division 5"]
[Site "online"]
[Date "2020.06.02"]
[Round "9.114"]
[White "Jayawarna, Thisumi"]
[Black "Li, Evan"]
[Result "1/2-1/2"]
[WhiteElo "1316"]
[BlackElo "1435"]
[PlyCount "43"]
[EventDate "2020.06.02"]
[WhiteTeam "Manchester Juniors B"]
[BlackTeam "MCS Oxford Juniors"]

1. e4 c5 2. Nf3 g6 3. d4 cxd4 4. Nxd4 Bg7 5. Nc3 Nc6 6. Be3 a6 7. f3 e6 8. Qd2
Nge7 9. O-O-O O-O 10. Nxc6 bxc6 11. g4 d5 12. exd5 exd5 13. h4 Rb8 14. h5 Qa5
15. Bd4 Qb4 16. Ne2 Qxb2+ 17. Bxb2 Bxb2+ 18. Kb1 Bc3+ 19. Kc1 Bb2+ 20. Kb1 Bc3+
21. Kc1 Bb2+ 22. Kb1 1/2-1/2

[Event "4NCL Online Division 5"]
[Site "online"]
[Date "2020.06.02"]
[Round "9.121"]
[White "Jina, Asha"]
[Black "Brennan, Oliver"]
[Result "1-0"]
[WhiteElo "1600"]
[BlackElo "1712"]
[PlyCount "107"]
[EventDate "2020.06.02"]
[WhiteTeam "Bristol University B"]
[BlackTeam "Darnall & Handsworth"]

1. Nf3 Nf6 2. g3 g6 3. d4 d5 4. Bg2 Bg7 5. O-O Bf5 6. c4 c6 7. Nc3 Na6 8. Qb3
Rb8 9. Nh4 Be4 10. f3 Bf5 11. Nxf5 gxf5 12. Bf4 dxc4 13. Qxc4 Rc8 14. Qd3 Qd7
15. a3 Nc7 16. Bh3 e6 17. Qd2 Nh5 18. Bh6 Qxd4+ 19. Qxd4 Bxd4+ 20. e3 Bb6 21.
g4 Rg8 22. Kh1 Rg6 23. Bf4 Nxf4 24. exf4 fxg4 25. fxg4 Rh6 26. Rf3 Nd5 27. Ne4
Rd8 28. Re1 Nxf4 29. Rxf4 Rxh3 30. Ng5 Re3 31. Ref1 Rd4 32. Rxf7 Rxg4 33. Nxh7
Rg1+ 34. Rxg1 Kxf7 35. Ng5+ Ke7 36. Rf1 Kd6 37. Rd1+ Kc5 38. Rd7 Re1+ 39. Kg2
Kb5 40. Rxb7 Rg1+ 41. Kf3 Rxg5 42. h4 Rg8 43. h5 Ka6 44. Re7 Bd4 45. b3 Rh8 46.
Rxe6 Rxh5 47. Rxc6+ Kb5 48. Rc4 Bb6 49. a4+ Ka5 50. Ke2 Rc5 51. b4+ Kxa4 52.
bxc5+ Kb5 53. cxb6 axb6 54. Rg4 1-0

[Event "4NCL Online Division 5"]
[Site "online"]
[Date "2020.06.02"]
[Round "9.122"]
[White "Chatterton, Craig"]
[Black "Kaye, Chris"]
[Result "1-0"]
[WhiteElo "1622"]
[BlackElo "1592"]
[PlyCount "125"]
[EventDate "2020.06.02"]
[WhiteTeam "Darnall & Handsworth"]
[BlackTeam "Bristol University B"]

1. d4 d5 2. c4 c6 3. Nf3 e6 4. Nc3 Nf6 5. Bg5 Be7 6. cxd5 exd5 7. e3 O-O 8. Bd3
Bg4 9. O-O h6 10. Bh4 Nbd7 11. h3 Bh5 12. Be2 Re8 13. Bg3 Bxf3 14. Bxf3 Nf8 15.
Qb3 b5 16. a3 Ng6 17. Rac1 Bd6 18. Bxd6 Qxd6 19. g3 Rac8 20. Qd1 a5 21. Qd3 Qd7
22. Bg2 Re6 23. h4 Ree8 24. e4 dxe4 25. Nxe4 Nxe4 26. Bxe4 Ne7 27. Rfd1 f5 28.
Bg2 Nd5 29. Bh3 Rf8 30. Qf3 Rce8 31. Re1 Rxe1+ 32. Rxe1 Ne7 33. Qe3 Nd5 34. Qf3
Ne7 35. Qe3 Nd5 36. Qd2 a4 37. Qe2 Qd6 38. Qe6+ Qxe6 39. Rxe6 f4 40. Rxc6 Kh8
41. Rc5 Nf6 42. Rxb5 fxg3 43. fxg3 Ne4 44. Kg2 Rf2+ 45. Kg1 Rf3 46. Rb8+ Kh7
47. Kg2 Rf2+ 48. Kg1 Rf3 49. d5 Nd6 50. Kg2 Rd3 51. Be6 Kg6 52. Rb6 Nf7 53.
Bd7+ Kh7 54. Bf5+ g6 55. Bxd3 Ne5 56. Be4 Kg7 57. d6 Kf8 58. Bc6 Nc4 59. d7 Ke7
60. Rb7 Nd6 61. Ra7 Nc4 62. Bb5 Nxb2 63. Ra8 1-0

[Event "4NCL Online Division 5"]
[Site "online"]
[Date "2020.06.02"]
[Round "9.123"]
[White "Skalski, Sebastian"]
[Black "Black, Robert"]
[Result "1-0"]
[WhiteElo "1450"]
[BlackElo "1577"]
[PlyCount "55"]
[EventDate "2020.06.02"]
[WhiteTeam "Bristol University B"]
[BlackTeam "Darnall & Handsworth"]

1. e4 g6 2. d4 Bg7 3. Be3 Nf6 4. Nc3 d6 5. Qd2 Ng4 6. O-O-O Nxe3 7. Qxe3 O-O 8.
Nf3 e6 9. Kb1 Nd7 10. h4 Nf6 11. Nh2 Qe7 12. g4 e5 13. dxe5 Nxg4 14. Nxg4 Bxg4
15. f3 Bh5 16. exd6 cxd6 17. Nd5 Qe5 18. Nc3 Rac8 19. Rd5 Qg3 20. Be2 Bxc3 21.
bxc3 Rc6 22. Rxh5 Qg2 23. Rg1 Rb6+ 24. Kc1 Qh3 25. Qh6 Rb1+ 26. Kxb1 Qf1+ 27.
Bxf1 f5 28. Qxh7# 1-0

[Event "4NCL Online Division 5"]
[Site "online"]
[Date "2020.06.02"]
[Round "9.124"]
[White "Oughton, John M"]
[Black "Champken, Jim"]
[Result "0-1"]
[WhiteElo "1127"]
[BlackElo "1217"]
[PlyCount "96"]
[EventDate "2020.06.02"]
[WhiteTeam "Darnall & Handsworth"]
[BlackTeam "Bristol University B"]

1. e4 c6 2. Nc3 d5 3. d4 e6 4. Nf3 Ne7 5. Be2 Ng6 6. g3 Bb4 7. Bd2 e5 8. Nxe5
Nxe5 9. dxe5 d4 10. Nb1 Be7 11. Bg4 Bxg4 12. Qxg4 O-O 13. Bh6 Qa5+ 14. Nd2 Qxe5
15. O-O Kh8 16. Nf3 Qf6 17. e5 Qxh6 18. Nxd4 Qg5 19. Qe4 Bc5 20. c3 Bb6 21. e6
Bxd4 22. cxd4 fxe6 23. Qxe6 Na6 24. Qb3 Rab8 25. Rad1 Nc7 26. Rfe1 Nd5 27. Kh1
Rxf2 28. Rf1 Qf6 29. Qd3 Rf8 30. Kg1 Rxf1+ 31. Rxf1 Qd6 32. Re1 Qb4 33. Rb1 Rd8
34. a3 Qd6 35. Rf1 Nf6 36. Rf4 c5 37. b3 cxd4 38. b4 a6 39. h3 h6 40. h4 Qe5
41. Kf1 Re8 42. Qd2 Qb5+ 43. Kg1 d3 44. Rf1 Qb6+ 45. Kh1 Qd6 46. Rf4 Qd5+ 47.
Kg1 Re2 48. Qd1 Qg2# 0-1

[Event "4NCL Online Division 5"]
[Site "online"]
[Date "2020.06.02"]
[Round "9.131"]
[White "Rizvi, Nasir"]
[Black "Ball, Matthew P"]
[Result "1-0"]
[WhiteElo "1989"]
[BlackElo "1750"]
[PlyCount "38"]
[EventDate "2020.06.02"]
[WhiteTeam "4 Gems"]
[BlackTeam "Doughnuts of Doom"]

1. c4 e5 2. g3 d6 3. Bg2 Be7 4. Nc3 f5 5. d4 Nf6 6. dxe5 dxe5 7. Qxd8+ Bxd8 8.
Nf3 Nc6 9. O-O O-O 10. b3 Re8 11. Bb2 e4 12. Ne1 Ne5 13. Nc2 c6 14. Rad1 Bc7
15. f3 exf3 16. exf3 Be6 17. Nd4 Rad8 18. Kh1 Kf7 19. Nxe6 Re7 1-0

[Event "4NCL Online Division 5"]
[Site "online"]
[Date "2020.06.02"]
[Round "9.132"]
[White "Smith, David W"]
[Black "Whelan, Joseph"]
[Result "1/2-1/2"]
[WhiteElo "1727"]
[BlackElo "1358"]
[PlyCount "237"]
[EventDate "2020.06.02"]
[WhiteTeam "Doughnuts of Doom"]
[BlackTeam "4 Gems"]

1. e4 e6 2. Qe2 e5 3. Nf3 Nc6 4. c3 Nf6 5. d3 d6 6. g3 Bg4 7. Bg2 Be7 8. Be3
O-O 9. h3 Be6 10. O-O h6 11. Nbd2 Qd7 12. Kh2 a6 13. d4 exd4 14. cxd4 d5 15. e5
Ne4 16. a3 Bf5 17. Ng1 Nxd2 18. Qxd2 b6 19. b4 a5 20. b5 Na7 21. a4 Bb4 22. Qd1
Rad8 23. Qb3 c5 24. bxc6 Nxc6 25. Rac1 Be6 26. f4 Ne7 27. Nf3 Nf5 28. Bf2 Rc8
29. g4 Rxc1 30. Rxc1 Ne7 31. f5 Bxf5 32. gxf5 Qxf5 33. Bg3 Qg6 34. Nh4 Qg5 35.
Rf1 Rc8 36. Qf3 Rf8 37. Nf5 Nxf5 38. Qxf5 Qxf5 39. Rxf5 Rc8 40. Bxd5 Rc2+ 41.
Rf2 Rxf2+ 42. Bxf2 Kf8 43. Bc4 Bc3 44. Bb5 Ke7 45. Kg3 f6 46. exf6+ Kxf6 47.
Kf3 Ke6 48. Ke4 Kd6 49. d5 Bb4 50. Bxb6 g5 51. Bf2 h5 52. Bg3+ Ke7 53. Kf5 g4
54. h4 Bd6 55. Bf2 g3 56. Bg1 g2 57. Kg5 Bg3 58. Kxh5 Kd6 59. Kg4 Be1 60. h5
Kxd5 61. Kf3 Ke5 62. Kxg2 Kf5 63. Be2 Bb4 64. Be3 Ke4 65. Kf2 Be7 66. h6 Bh4+
67. Kg2 Kxe3 68. Bb5 Bg5 69. h7 Bf6 70. Kh3 Bh8 71. Kg4 Ke4 72. Kg5 Ke5 73. Kg6
Ke6 74. Bc4+ Ke7 75. Kh6 Kf6 76. Bg8 Bg7+ 77. Kh5 Kf5 78. Kh4 Kf4 79. Kh3 Bh8
80. Kg2 Kg4 81. Kf2 Kf4 82. Ke2 Ke4 83. Kd2 Kd4 84. Kc2 Kc5 85. Kb3 Ba1 86. Bf7
Bh8 87. Be8 Bg7 88. Kc2 Kc4 89. Bb5+ Kd4 90. Kb3 Kc5 91. Kc2 Kd4 92. Bc6 Kc4
93. Kd2 Kc5 94. Bb5 Kd4 95. Ke2 Ke4 96. Bc6+ Kd4 97. Kf3 Ke5 98. Kg4 Kf6 99.
Bb5 Bh8 100. Kf4 Bg7 101. Bc4 Kg6 102. Bd3+ Kf6 103. Ke4 Ke6 104. Bc4+ Kd6 105.
Kf5 Ke7 106. Kg6 Bh8 107. Kf5 Kd6 108. Bb3 Ba1 109. Kg6 Ke7 110. Kf5 Kd6 111.
Ba2 Bh8 112. Kf4 Ba1 113. Ke4 Bh8 114. Kd3 Kc5 115. Bb3 Ba1 116. Bd1 Bh8 117.
Ke4 Kd6 118. Be2 Ba1 119. Kf5 1/2-1/2

[Event "4NCL Online Division 5"]
[Site "online"]
[Date "2020.06.02"]
[Round "9.133"]
[White "Gogia, Abeer"]
[Black "Ball, Charlie"]
[Result "1/2-1/2"]
[WhiteElo "1412"]
[BlackElo "1555"]
[PlyCount "55"]
[EventDate "2020.06.02"]
[WhiteTeam "4 Gems"]
[BlackTeam "Doughnuts of Doom"]

1. e4 d6 2. d4 Nf6 3. Nc3 Nbd7 4. Nf3 e5 5. dxe5 dxe5 6. Bg5 Be7 7. Bd3 h6 8.
Bh4 O-O 9. O-O c6 10. Bg3 Qc7 11. Qd2 Nc5 12. Nxe5 Bd6 13. Nf3 Bxg3 14. hxg3 b5
15. a3 a5 16. Rfe1 Bg4 17. Qe3 Nxd3 18. Qxd3 Rad8 19. Qe2 Rfe8 20. Rad1 Rxd1
21. Qxd1 b4 22. axb4 axb4 23. Na2 Qa5 24. Nc1 Nxe4 25. Nb3 Qb6 26. Qd4 Qxd4 27.
Nfxd4 Bd7 28. Na5 1/2-1/2

[Event "4NCL Online Division 5"]
[Site "online"]
[Date "2020.06.02"]
[Round "9.134"]
[White "Ball, Katie C"]
[Black "Whelan, Sean"]
[Result "1-0"]
[WhiteElo "1532"]
[BlackElo "1267"]
[PlyCount "205"]
[EventDate "2020.06.02"]
[WhiteTeam "Doughnuts of Doom"]
[BlackTeam "4 Gems"]

1. d4 d5 2. Nf3 Bf5 3. Bg5 c6 4. c3 Qb6 5. Qb3 Nd7 6. Nbd2 e6 7. e3 Be7 8. Bxe7
Nxe7 9. Be2 Qxb3 10. axb3 Nf6 11. O-O Ne4 12. Ra3 O-O 13. Rfa1 a6 14. b4 Nd6
15. Ne5 Rfd8 16. c4 f6 17. Nef3 dxc4 18. Nxc4 Nb5 19. R3a2 Bc2 20. Nfd2 Nd5 21.
Na3 Nxb4 22. Nxc2 Nxc2 23. Rc1 Nb4 24. Ra4 Nd5 25. Ne4 Nd6 26. Nc5 Nc7 27. Rb4
b5 28. Ra1 a5 29. Rb3 a4 30. Rc3 Na6 31. Nxe6 Re8 32. Rxc6 Nc4 33. Bxc4 bxc4
34. Nc5 Nb4 35. Rb6 Nd5 36. Rd6 Nc3 37. bxc3 a3 38. Ra6 Rxa6 39. Nxa6 Rc8 40.
Rxa3 Kf7 41. Kf1 Ke6 42. Nc5+ Kd5 43. Ke2 Rb8 44. Ra2 g5 45. Kd2 f5 46. Kc2 h5
47. Rb2 Ra8 48. Nd7 Ra6 49. Nc5 Ra7 50. Rb7 Ra2+ 51. Rb2 Ra7 52. f3 Re7 53. e4+
fxe4 54. fxe4+ Kc6 55. Ra2 Rf7 56. Kd1 Rf1+ 57. Ke2 Rc1 58. Kd2 Rg1 59. Ke3
Re1+ 60. Kf2 Rc1 61. Ra3 Rc2+ 62. Kf3 Rc1 63. e5 Rf1+ 64. Ke2 Rg1 65. Kf2 Rc1
66. e6 Rc2+ 67. Kf3 Rc1 68. Ne4 Rf1+ 69. Ke2 Rf5 70. Ra6+ Kd5 71. Ra5+ Kxe6 72.
Rxf5 Kxf5 73. Ng3+ Kg6 74. Ke3 h4 75. Ne4 Kf5 76. Nd6+ Ke6 77. Nxc4 Kd5 78. Nd2
Kd6 79. Ke4 Ke6 80. c4 Kd6 81. c5+ Kc6 82. Ke5 Kd7 83. Nc4 Kc6 84. Ke6 Kc7 85.
d5 Kd8 86. d6 g4 87. c6 g3 88. hxg3 hxg3 89. c7+ Kc8 90. Ke7 Kb7 91. d7 Kxc7
92. d8=Q+ Kc6 93. Qd4 Kb5 94. Ne3 Kc6 95. Ke6 Kb5 96. Qc3 Kb6 97. Qc4 Kb7 98.
Kd6 Kb6 99. Qc5+ Kb7 100. Kd7 Kb8 101. Qb5+ Ka7 102. Kc7 Ka8 103. Qb7# 1-0

[Event "4NCL Online Division 5"]
[Site "online"]
[Date "2020.06.02"]
[Round "9.141"]
[White "Palmer, Alan H"]
[Black "Dunlop, Anthony"]
[Result "0-1"]
[WhiteElo "1787"]
[BlackElo "1784"]
[PlyCount "90"]
[EventDate "2020.06.02"]
[WhiteTeam "Battersea Pawnbreakers"]
[BlackTeam "East Kilbride"]

1. e4 c5 2. Nf3 Nc6 3. d4 cxd4 4. Nxd4 a6 5. c4 e6 6. Nc3 Qc7 7. Be3 Ne5 8. Rc1
Nf6 9. Be2 Bb4 10. f3 Nxc4 11. Bxc4 Qxc4 12. a3 Bxc3+ 13. Rxc3 Qa2 14. Qc1 O-O
15. O-O e5 16. Nf5 Qe6 17. Bc5 Re8 18. Rd1 d5 19. Qg5 g6 20. Nh6+ Kh8 21. exd5
Nxd5 22. Rcd3 f6 23. Qd2 Nf4 24. Rd8 b5 25. Rd6 Qc4 26. b4 Kg7 27. g3 Ne6 28.
Rc6 Nxc5 29. Rxc5 Qd4+ 30. Qxd4 exd4 31. Ng4 Bxg4 32. fxg4 Re4 33. Rc7+ Kh6 34.
Rd7 Rxg4 35. R1xd4 Rxd4 36. Rxd4 a5 37. Kg2 f5 38. Kf3 axb4 39. axb4 Ra3+ 40.
Kg2 Rb3 41. h4 Kh5 42. Kh3 h6 43. Kg2 g5 44. Kh3 f4 45. Kg2 Rxg3+ 0-1

[Event "4NCL Online Division 5"]
[Site "online"]
[Date "2020.06.02"]
[Round "9.142"]
[White "Howie, Andrew"]
[Black "Valentine, Tim"]
[Result "0-1"]
[WhiteElo "1494"]
[BlackElo "1712"]
[PlyCount "44"]
[EventDate "2020.06.02"]
[WhiteTeam "East Kilbride"]
[BlackTeam "Battersea Pawnbreakers"]

1. d4 Nf6 2. Nc3 d5 3. e4 Nxe4 4. Nxe4 dxe4 5. f3 exf3 6. Nxf3 Bg4 7. Bc4 e6 8.
c3 Be7 9. O-O O-O 10. Bd3 Nd7 11. Qe1 Bxf3 12. Rxf3 c5 13. Rh3 g6 14. Qd2 Re8
15. Bb5 Bf8 16. dxc5 Bxc5+ 17. Kh1 Re7 18. Rd3 Qa5 19. Bxd7 Rd8 20. b4 Qa6 21.
bxc5 Rexd7 22. Rxd7 Qf1# 0-1

[Event "4NCL Online Division 5"]
[Site "online"]
[Date "2020.06.02"]
[Round "9.143"]
[White "Welch, Stephen T"]
[Black "Peakman, Jonlee"]
[Result "0-1"]
[WhiteElo "1457"]
[BlackElo "1217"]
[PlyCount "92"]
[EventDate "2020.06.02"]
[WhiteTeam "Battersea Pawnbreakers"]
[BlackTeam "East Kilbride"]

1. d4 d5 2. Nf3 Nf6 3. Bg5 c5 4. e3 Ne4 5. Bh4 Qb6 6. b3 Nc6 7. Bd3 Qa5+ 8.
Nbd2 Nxd2 9. Nxd2 cxd4 10. exd4 Nxd4 11. O-O e5 12. Nf3 Nxf3+ 13. Qxf3 Be6 14.
Qe2 f6 15. Bb5+ Kf7 16. c4 Rd8 17. cxd5 Rxd5 18. Bc4 Rd6 19. Rac1 Bxc4 20.
Qxc4+ Qd5 21. Qxd5+ Rxd5 22. Rc7+ Kg6 23. Rxb7 Bc5 24. Kh1 Rhd8 25. g4 Rd4 26.
h3 e4 27. Bg3 Rd2 28. a4 e3 29. fxe3 Bxe3 30. h4 R2d3 31. Kg2 R3d4 32. Kh3 R8d7
33. h5+ Kh6 34. Bf4+ Bxf4 35. Rxf4 Rxb7 36. Rxd4 Rxb3+ 37. Kg2 Rb7 38. Kf3 g6
39. hxg6 hxg6 40. Rd6 Kg7 41. Ke4 Rb4+ 42. Rd4 Rxd4+ 43. Kxd4 Kh6 44. Ke4 Kg5
45. Kf3 f5 46. gxf5 Kxf5 0-1

[Event "4NCL Online Division 5"]
[Site "online"]
[Date "2020.06.02"]
[Round "9.144"]
[White "Shrestha, Unnabh"]
[Black "Rebbeck, Christopher"]
[Result "0-1"]
[WhiteElo "1084"]
[BlackElo "1412"]
[PlyCount "94"]
[EventDate "2020.06.02"]
[WhiteTeam "East Kilbride"]
[BlackTeam "Battersea Pawnbreakers"]

1. d4 d5 2. Bf4 Nf6 3. e3 e6 4. h3 Bb4+ 5. c3 Ba5 6. Nf3 O-O 7. Bd3 Nbd7 8. Qc2
Ne4 9. Bxe4 dxe4 10. Qxe4 Nf6 11. Qd3 c5 12. Nbd2 Re8 13. O-O-O cxd4 14. exd4
Bc7 15. Bxc7 Qxc7 16. Rdg1 Nd5 17. g4 Nb4 18. Qb1 b6 19. a3 Nd5 20. h4 Nf4 21.
Qe4 Nd5 22. g5 g6 23. h5 Bb7 24. hxg6 fxg6 25. Qd3 Rf8 26. Rh3 Nf4 27. Qe3 Nxh3
28. Qxe6+ Rf7 29. Qxh3 Raf8 30. Rg3 Bxf3 31. Rxf3 Rxf3 32. Nxf3 Qf4+ 33. Nd2
Qxg5 34. Qh2 Qf4 35. Qxf4 Rxf4 36. f3 h5 37. Kd1 Kf7 38. Ke2 Ke6 39. Ke3 Rh4
40. f4 Kf5 41. d5 Rxf4 42. d6 Kg4 43. d7 Rf8 44. Ne4 Kf5 45. Nd6+ Ke6 46. Nb7
Kxd7 47. Ke4 h4 0-1

[Event "4NCL Online Division 5"]
[Site "online"]
[Date "2020.06.02"]
[Round "9.151"]
[White "Arora, Tashika"]
[Black "Hutton, Allan"]
[Result "1-0"]
[WhiteElo "1787"]
[BlackElo "1600"]
[PlyCount "61"]
[EventDate "2020.06.02"]
[WhiteTeam "Oxford 4"]
[BlackTeam "Broken Herts 1"]

1. d4 Nf6 2. c4 e6 3. g3 d5 4. Bg2 c6 5. Nf3 Nbd7 6. O-O Bd6 7. Nc3 O-O 8. cxd5
exd5 9. Bg5 h6 10. Bxf6 Nxf6 11. e3 Re8 12. Qc2 Bd7 13. a3 Qc8 14. b4 a6 15.
Na4 Bc7 16. Nc5 Bf5 17. Qc3 Ne4 18. Nxe4 Bxe4 19. Nd2 Bxg2 20. Kxg2 Qg4 21. a4
Qd7 22. Rfe1 Bd6 23. Rec1 Qe7 24. Rab1 Rac8 25. Qb3 Rc7 26. b5 cxb5 27. axb5
Rxc1 28. Rxc1 Ba3 29. Ra1 Bb4 30. Nf3 Qd6 31. Ra4 1-0

[Event "4NCL Online Division 5"]
[Site "online"]
[Date "2020.06.02"]
[Round "9.152"]
[White "Elder, Kidge"]
[Black "Cole, Graham"]
[Result "0-1"]
[WhiteElo "1555"]
[BlackElo "1818"]
[PlyCount "90"]
[EventDate "2020.06.02"]
[WhiteTeam "Broken Herts 1"]
[BlackTeam "Oxford 4"]

1. d4 Nf6 2. e3 g6 3. c4 Bg7 4. Bd2 O-O 5. Bd3 d6 6. Nc3 Nbd7 7. Nge2 e5 8. d5
Nc5 9. Bc2 a5 10. a3 Bd7 11. O-O c6 12. e4 cxd5 13. exd5 Nh5 14. Qc1 f5 15. Bh6
a4 16. Bxg7 Kxg7 17. Qd2 Qh4 18. f4 Nf6 19. fxe5 dxe5 20. Qe3 Ng4 21. Qg3 Qxg3
22. Nxg3 Ne3 23. Rf2 Nxc4 24. Rb1 Ra6 25. Bd1 Rd6 26. b4 Nd3 27. Ra2 b5 28. Be2
e4 29. Rd1 Nce5 30. Bf1 Rc8 31. Bxd3 Rxc3 32. Bxe4 Rxg3 33. hxg3 fxe4 34. Rc2
Nc4 35. Rc3 h5 36. Rd4 Bf5 37. Kf1 Kf6 38. Rdxc4 bxc4 39. Rxc4 Rxd5 40. Rc6+
Ke5 41. Ra6 e3 42. Rxa4 Bg4 43. Ra5 Rxa5 44. bxa5 Kd6 45. Ke1 Kc7 0-1